<?xml version="1.0" encoding="UTF-8"?>
<collection xmlns="http://www.loc.gov/MARC21/slim">
 <record>
  <leader>00933nam a22002417a 4500</leader>
  <controlfield tag="001">AAL1861</controlfield>
  <controlfield tag="003">BD-DhAAL</controlfield>
  <controlfield tag="005">20160314123347.0</controlfield>
  <controlfield tag="008">160314s    1994bg ||||| |||| 00| 0 ben d</controlfield>
  <datafield tag="020" ind1=" " ind2=" ">
   <subfield code="a">9840729772</subfield>
  </datafield>
  <datafield tag="040" ind1=" " ind2=" ">
   <subfield code="a">BD-DhAAL</subfield>
   <subfield code="c">BD-DhAAL</subfield>
  </datafield>
  <datafield tag="082" ind1=" " ind2=" ">
   <subfield code="a">340.59095492 </subfield>
  </datafield>
  <datafield tag="100" ind1=" " ind2=" ">
   <subfield code="a"> বেগম, সাহিদা</subfield>
   <subfield code="9">18510</subfield>
  </datafield>
  <datafield tag="245" ind1=" " ind2=" ">
   <subfield code="a">মুসলিম আইন ও পারিবারিক আদালত /</subfield>
   <subfield code="c">সাহিদা বেগম </subfield>
  </datafield>
  <datafield tag="250" ind1=" " ind2=" ">
   <subfield code="a">1st ed. </subfield>
  </datafield>
  <datafield tag="260" ind1=" " ind2=" ">
   <subfield code="a">ঢাকা :</subfield>
   <subfield code="b">বাংলা একাডেমী, </subfield>
   <subfield code="c">১৯৯৪</subfield>
  </datafield>
  <datafield tag="300" ind1=" " ind2=" ">
   <subfield code="a">৯৬ পৃ. ;</subfield>
   <subfield code="c">২২ সে.মি.</subfield>
  </datafield>
  <datafield tag="541" ind1=" " ind2=" ">
   <subfield code="e">1861</subfield>
  </datafield>
  <datafield tag="650" ind1=" " ind2=" ">
   <subfield code="a">Islamic law </subfield>
   <subfield code="z">Bangladesh </subfield>
   <subfield code="9">18511</subfield>
  </datafield>
  <datafield tag="852" ind1=" " ind2=" ">
   <subfield code="a">Savar Campus Library </subfield>
   <subfield code="c">General Shelf </subfield>
  </datafield>
  <datafield tag="942" ind1=" " ind2=" ">
   <subfield code="2">ddc</subfield>
   <subfield code="c">BK</subfield>
  </datafield>
  <datafield tag="999" ind1=" " ind2=" ">
   <subfield code="c">37113</subfield>
   <subfield code="d">37113</subfield>
  </datafield>
  <datafield tag="952" ind1=" " ind2=" ">
   <subfield code="0">0</subfield>
   <subfield code="1">0</subfield>
   <subfield code="2">ddc</subfield>
   <subfield code="4">0</subfield>
   <subfield code="6">340_590954920000000_BEG</subfield>
   <subfield code="7">0</subfield>
   <subfield code="9">58374</subfield>
   <subfield code="a">SCL</subfield>
   <subfield code="b">SCL</subfield>
   <subfield code="c">GEN</subfield>
   <subfield code="d">2016-03-14</subfield>
   <subfield code="g">50.00</subfield>
   <subfield code="l">0</subfield>
   <subfield code="o">340.59095492 BEG</subfield>
   <subfield code="p">3020001861</subfield>
   <subfield code="r">2016-03-14</subfield>
   <subfield code="t">1</subfield>
   <subfield code="w">2016-03-14</subfield>
   <subfield code="y">BK</subfield>
  </datafield>
 </record>
</collection>
